Organizational Behavior: key concepts, skills & best practices (Record no. 6264)

MARC details
000 -LEADER
fixed length control field 00569nam a22001937a 4500
003 - CONTROL NUMBER IDENTIFIER
control field OSt
005 - DATE AND TIME OF LATEST TRANSACTION
control field 20191002122502.0
008 - FIXED-LENGTH DATA ELEMENTS--GENERAL INFORMATION
fixed length control field 190829b ||||| |||| 00| 0 eng d
020 ## - INTERNATIONAL STANDARD BOOK NUMBER
International Standard Book Number 9780071315685
040 ## - CATALOGING SOURCE
Transcribing agency DDC
082 ## - DEWEY DECIMAL CLASSIFICATION NUMBER
Classification number 302.35 KIN 2012
100 ## - MAIN ENTRY--PERSONAL NAME
Personal name Kinicki, Angelo; Fugate, Mel
9 (RLIN) 12874
245 ## - TITLE STATEMENT
Title Organizational Behavior: key concepts, skills & best practices
260 ## - PUBLICATION, DISTRIBUTION, ETC. (IMPRINT)
Place of publication, distribution, etc. New York;
Name of publisher, distributor, etc. McGraw-hill,
Date of publication, distribution, etc. 2012
300 ## - PHYSICAL DESCRIPTION
Extent xxx,497p;
Other physical details col.ill:
Dimensions 25.5cm
504 ## - BIBLIOGRAPHY, ETC. NOTE
Bibliography, etc Glossary, & index included
650 ## - SUBJECT ADDED ENTRY--TOPICAL TERM
Topical term or geographic name as entry element Organizational behavior
9 (RLIN) 12875
942 ## - ADDED ENTRY ELEMENTS (KOHA)
Source of classification or shelving scheme Other/Generic Classification Scheme
Koha item type Book
Holdings
Withdrawn status Lost status Source of classification or shelving scheme Damaged status Not for loan Home library Current library Date acquired Inventory number Total Checkouts Full call number Barcode Date last seen Koha item type Source of acquisition Price effective from
    Dewey Decimal Classification     Faculty of Management Science Library Faculty of Management Science Library 29/08/2019 19/40829   301.35 KIN 2012 2019-0271 29/08/2019 Book    
    Dewey Decimal Classification     Faculty of Management Science Library Faculty of Management Science Library 29/08/2019 19/40830   301.35 KIN 2012 2019-0272 29/08/2019 Book    
    Dewey Decimal Classification     Faculty of Management Science Library Faculty of Management Science Library 29/08/2019 19/40831   301.35 KIN 2012 2019-0273 29/08/2019 Book    
    Dewey Decimal Classification     Faculty of Management Science Library Faculty of Management Science Library 29/08/2019 19/40832   301.35 KIN 2012 2019-0274 29/08/2019 Book    
    Dewey Decimal Classification     Faculty of Management Science Library Faculty of Management Science Library 07/12/2022 17/40120   302.35 KIN 2012 2022-8065 07/12/2022 Book Purchase 07/12/2022
    Dewey Decimal Classification     Faculty of Management Science Library Faculty of Management Science Library 07/12/2022 17/40119   302.35 KIN 2012 2022-8066 07/12/2022 Book Purchase 07/12/2022